LEADER 00967nam a2200205 i 4500 001 000000142693 003 CaOOAMICUS 005 20260326140819.0 008 050909s1930 it u000 u lat u 013 $a118049 040 $aSeMil$bita 245 10$aIn epistolas :$b2. ad Corinthios, ad Galatas, ad Ephesios, ad Philippenses, ad Colossenses et 1. et 2. ad Thessalonicenses. 250 $aEditio 2. stereotypa 300 $a605 p. 773 0 $aCornelius : a Lapide $tCommentaria in omnes Sancti Pauli Epistolas.$dTaurini ; Romae : Marietti a. 1820 condita, 1930-1934.$g2$w()14193 850 $aSeMil 852 $aSeMil$W1$xVenegono$y1$m2VV VII 34$j269122$B95844$CSeMilBibl$Z2$F102721 $81 961 $aRecupero: Biblioteca Seminario Seveso (fino al 1985) 996 $6245$aIn epistolas :$b2. ad Corinthios, ad Galatas, ad Ephesios, ad Philippenses, ad Colossenses et 1. et 2. ad Thessalonicenses$9(OLS)http://semarc/title/208744